000 nam a22 7a 4500
999 _c126510
_d126510
008 170608b xxu||||| |||| 00| 0 eng d
050 _aBT55.B88 2010
100 _aBurrell, David B.
_91317
245 _aLearning to trust in freedom
_bSigns from Jewish, Christian and Muslim traditions
_c/ David B. Burrell
260 _aScranton
_bUniversity of Scanton Press
_c2010
300 _axxi, 93p. ;
_c23cm.
650 _aPhilosophical theology
_932305
650 _aLiberty
_xReligious aspects
_932306
650 _aCreation
_xComparative studies
_932307
650 _aJudaism
_xDoctrines
_92659
650 _aIslam
_xDoctrines
_94863
942 _2lcc
_cMONOGRAPH